000 00478nam a2200193Ia 4500
005 20250423101026.0
008 250422s9999 xx 000 0 und d
020 _a9780198708919
050 _aU 162 .B39/
100 _aBaylis, John
245 0 _aStrategy in the contemporary world
250 _a5th ed
260 _aUnited kingdom
260 _bOxford university press
260 _c2016
300 _a429 p
650 _a Strategy. Military policy.
942 _cBK
999 _c35057
_d35057